LEADER 01002nam a2200229 i 4500 001 000000134268 003 CaOOAMICUS 005 20050128000000.0 008 050128s1996 it u000 u mul u 013 $a107409 040 $aSeMil$bita 100 1 $aArchivio di Stato .$0(OLS)http://semarc/name/49636 245 10$aSecuritas et tranquillitas europea /$cArchivio di Stato di Torino. 260 $aRoma :$bMinistero per i Beni Culturali e Ambientali, ufficio centrale per i Beni Archivistici,$c1996. 300 $a318 p. :$briccamente ill. ;$c33 cm. 500 $aFondo Card. C.M. Martini. 850 $aSeMil 852 $aSeMil$W1$xVenegono$y1$m3U VI 58$j88030$B88030$CSeMilBibl$Z2$F92182 $81 941 1 $a4 961 $aOmaggio: Martini Card. Carlo Maria 996 $6245$aSecuritas et tranquillitas europea$9(OLS)http://semarc/title/196428 996 $6260$aRoma :$bMinistero per i Beni Culturali e Ambientali, ufficio centrale per i Beni Archivistici$9(OLS)http://semarc/publisher/33429 LEADER 01131nam a2200205 i 4500 001 000000049801 003 CaOOAMICUS 005 20120707000000.0 008 120707n xx u000 u lat u 013 $a20972 040 $aSeMil$bita 245 13$aDe Actibus humanis, de Conscientia, de Legibus, de Obligationibus, de Peccatis et Censuris, de Virtute Religionis et Virtutibus Theologicis. 300 $a775 p. 600 04$aLiguori, Alfonso Maria : de' .$0(OLS)http://semarc/subject/1344 650 4$aTeologia morale.$0(OLS)http://semarc/subject/91 700 1 $aScavini, Pietro <1791-1869>.$0(OLS)http://semarc/name/12283 773 0 $aScavini, Pietro <1791-1869>$tTheologia moralis universa.$beditio quinta acuratissime emendata, et recentioribus decisionibus accomodata.$dMediolani : Oliva, 1902.$gTomus1$w()27044 850 $aSeMil 852 $aSeMil$W1$xVenegono$y1$m2E III 75$j15956$B15956$CSeMilBibl$Z2$F15956 $81 996 $6245$aDe Actibus humanis, de Conscientia, de Legibus, de Obligationibus, de Peccatis et Censuris, de Virtute Religionis et Virtutibus Theologicis$9(OLS)http://semarc/title/75869